000 00753nam a2200229Ia 4500
001 10688
003 GE_BSU
008 181216s||||||||xx |||||||||||||| ||und||
040 _cGE_BSU
080 _a821.353.1-1
100 _aფოცხიშვილი,მორის
245 _aერთტომეული.
245 _bლექსები.
245 _cრედ.ზ.კილაძე;მხატვ.ო.ქოჩაკიძე. ა.სლავინსკი. ი.ჩიკვაიძე.
260 _aთბილისი.
260 _bსაბჭ.საქართველო.
260 _c1981.
300 _a566გვ.20სმ.
300 _eილ.
653 _aერთტომეული.
942 _cBK
999 _c43939
_d43939